• 首页
  • 本馆介绍
  • 公告通知
  • 最新文献
  • 馆藏检索
  • 电子资源
  • 读者导购
  • 参考咨询
  • 我的图书馆
  • 登录
  • 详细信息显示
  • 放入我的书架
  • 预约/预借图书
  • 作者相关作品
  • 分类相关作品
  • 丛书相关作品
  • 出版社相关作品

书目信息

  • 表格格式
  • 工作单格式
  • 卡片格式
题名:
拱出银行的小猪
    
 
作者: 曾昭逸 著
分册:  
出版信息: 北京   当代中国出版社  2004
页数: 15,235页
开本: 21cm
丛书名:
单 册:
中图分类: F063.4-49
科图分类:
主题词: 家庭管理--财务管理--基本知识 , 经济学--分支科学 , 财务管理
电子资源:
ISBN: 7-80170-340-5
000 00867nam0 2200253 450
001 1261175953
005 20121003170045.39
010    @a7-80170-340-5@dCNY20.00
100    @a20050310d2004 em y0chiy50 ea
101 0  @achi
102    @aCN@b110000
105    @aa z 000yy
200 1  @a拱出银行的小猪@Agong chu yin xing de xiao zhu@e家庭理财指南@f曾昭逸著
210    @a北京@c当代中国出版社@d2004
215    @a15,235页@c图@d21cm
330    @a本书是一本关于家庭、个人理财知识的普及读本。用讲故事的形式,逐篇介绍存款、债券、股票、基金信托、保险、房地产、实业投资等十二种投资品种。
517 1  @a家庭理财指南@Ajia ting li cai zhi nan
606 0  @a家庭管理@x财务管理@x基本知识
606 0  @a经济学@x分支科学
606 0  @a财务管理
690    @aF063.4-49@v4
701  0 @a曾昭逸@Azeng zhao yi@4著
801  0 @aCN@bNLC@c20101222
905    @a10447@dF063.4-49@eJY117
    
    拱出银行的小猪:家庭理财指南/曾昭逸著.-北京:当代中国出版社,2004
    15,235页:图;21cm
    
    
    ISBN 7-80170-340-5:CNY20.00
    本书是一本关于家庭、个人理财知识的普及读本。用讲故事的形式,逐篇介绍存款、债券、股票、基金信托、保险、房地产、实业投资等十二种投资品种。
●
相关链接 在E读中查询图书 在五车中查询图书 在当当中查询图书 在豆瓣中查询图书


正题名:拱出银行的小猪     索取号:F063.4-49/JY117         预约/预借

序号 登录号 条形码 馆藏地/架位号 状态 备注
1 7813345   278133459   学院路分馆/ [索取号:F063.4-49/JY117] 在馆    
2 7813346   278133468   学院路分馆/ [索取号:F063.4-49/JY117] 在馆    
3 7813347   278133477   学院路分馆/ [索取号:F063.4-49/JY117] 在馆    
4 7813348   278133486   学院路分馆/ [索取号:F063.4-49/JY117] 在馆    
唐山师范学院图书馆 欢迎您!
大连网信软件有限公司© 版权所有